O mlčaní

Bibliographic Details
Main Author: Grün, Anselm, 1945- (Author)
Other Authors: Balázs, Ján Krstiteľ, 1966- (Translator)
Format: Book
Language:Slovak
German
PhysicalDescription:76 s. 18 cm
Published: Bratislava Serafín 2005
ISBN:8080810192
Edition:1. vyd.
Subjects:

MARC

LEADER 00000nam a2200000 a 4500
001 vtls008160765
003 SK-MaSNL
005 20260302074030.0
008 251031s2005 xo f 000 0 slo
015 |a SNBA2005/07-02771 
020 |a 8080810192  |q (brož.) 
040 |a SNK  |b slo  |c SNK  |e AACR2 
041 1 |a slo  |h ger 
072 7 |a 27-5  |x Kresťanské umenie a symbolika. Duchovný život  |2 konspekt 
080 |a 27-584  |2 MDT-MRF 
080 |a 27-789.2  |2 MDT-MRF 
080 |a 27-788-1/-9  |2 MDT-MRF 
080 |a 27-423.7  |2 MDT-MRF 
080 |a (0:82-4)  |2 MDT-MRF 
080 |a (0:82-84)  |2 MDT-MRF 
080 |a 27-4  |2 MDT-MRF 
100 1 |a Grün, Anselm,  |d 1945-  |4 aut  |9 101280 
240 1 4 |a Der Anspruch des Schweigens  |l Slovensky 
245 1 0 |a O mlčaní  |c Anselm Grün; [z nemeckého originálu preložil Ján K. Balázs 
250 |a 1. vyd. 
260 |a Bratislava  |b Serafín  |c 2005 
300 |a 76 s.  |c 18 cm 
504 |a Bibliogr. s. 75-76 
610 2 7 |a Benediktíni  |2 SNKKA  |9 31574 
650 0 7 |a duchovný život  |2 SNKPH  |9 1807 
650 0 7 |a kresťanský život  |2 SNKPH  |9 1808 
650 0 7 |a rehoľný život  |2 SNKPH  |9 67225 
650 0 7 |a kresťanské cnosti  |2 SNKPH  |9 67202 
650 0 7 |a mlčanie  |2 SNKPH  |9 569075 
655 7 |a úvahy  |2 SNKPH  |9 29403 
655 7 |a citáty  |2 SNKPH  |9 70419 
700 1 |a Balázs, Ján Krstiteľ,  |d 1966-  |4 trl  |9 227103 
919 |a 80-8081-019-2 
968 |b DT  |d 2 
999 |c 1163333  |d 1165263 
952 |a SNK  |b SNK  |y PREZ  |7 0  |p 17A0472817  |o snkSD 74869  |i snk2005/10429  |8 0  |0 0  |1 0  |4 0  |d 2005-06-16  |l 0  |r 2025-11-21 00:00:00  |w 2026-02-24 
952 |a SNK  |b SNK  |y VYP  |7 0  |p 17A0472816  |o snkSD 74869 D1  |i snk2005/10430  |8 0  |0 0  |1 0  |4 0  |d 2005-06-16  |l 0  |r 2017-06-30 00:00:00  |w 2026-02-24